Pays par Emojis #C - Statistiques

Statistiques générales
  • Ce quiz a été pris 88 fois
  • Le résultat moyen est 5 sur 18
Statistiques - réponses
Emojis Pays % Correct
🍁❄️🏒 Canada
94%
🐼🏯🎎 Chine
89%
🎮🌆🎤 Corée du Sud
40%
🏔️ 🍷 🐧 Chili
31%
🏖️🏛️🍋 Chypre
29%
🎋🏯🗻 Corée du Nord
29%
🍫🐘🥁 Côte d'Ivoire
28%
🏝️ 🎶 💃 Cuba
26%
🌲 🦍 🌊 République démocratique du Congo
23%
🏰🌊⚽ Croatie
20%
🌴🏔️🌊 Cameroun
15%
🌳🛶🐘 République du Congo
12%
🌴 🏝️ 🐢 Comores
11%
🦁 🌳 🌍 Centrafrique
9%
🌿🐆🏞️ Colombie
9%
🏰🎨🎭 Cambodge
8%
🐒🌋🛶 Costa Rica
6%
🏝️🎶🏄 Cap-Vert
5%
Aucun quiz correspondant
Distribution des résultats
% des personnes avec chaque résultat
Percentile par nombre de réponses
Votre historique - résultats
Vous n’avez pas pris ce quiz